| 000 | 00691nam a2200193Ii 4500 | ||
|---|---|---|---|
| 003 | JO-AjNU | ||
| 008 | 230605s9999||||xx |||||||||||||| ||und|| | ||
| 040 |
_aJO-AjNU _bara _erda _cJO-AjNU |
||
| 041 | _aara | ||
| 050 | 1 | 4 | _aLC198.G486 1989 |
| 100 | 3 |
_aغباري، محمد سلامة محمد, _eauthor _98882 |
|
| 245 | 0 | 0 | _aالخدمة الإجتماعية المدرسية |
| 264 | 3 | 1 | _aالاسكندرية: المكتب الجامعي الحديث، 1989 |
| 300 | _a233ص | ||
| 336 |
_atext _btxt _2rdacontent |
||
| 337 |
_aunmediated _bn _2rdamedia |
||
| 338 |
_avolume _bnc _2rdacarrier |
||
| 650 | 4 |
_aالخدمة الاجتماعية المدرسية - توجية تربوي _98883 |
|
| 999 |
_aA1015 _c4583 _d4583 |
||